000 00880 a2200253 4500
003 NUST
020 _a1558604898
038 _awaseem
040 _aDLC
_bDLC
082 0 4 _a006.312
_bHAN
100 1 _aHan, Jiawei.
_986648
245 1 0 _aData mining: concepts and techniques
_cJiawei Han, Micheline Kamber.
250 _a2nd ed.
260 _aAmsterdam ;
_aBoston :
_bElsevier ;
_aSan Francisco, CA :
_bMorgan Kaufmann,
_cc2006.
300 _axxviii, 770 p. :
_bill. ;
_c25 cm.
440 4 _aThe Morgan Kaufmann series in data management systems
_986649
500 _aPrevious ed.: 2000.
563 _aPBK.
650 0 _aData mining.
_986650
650 0 _aExploration de donn⥥s (Informatique)
_986651
700 1 _aKamber, Micheline.
_986652
856 4 2 _3Publisher description
_uhttp://www.loc.gov/catdir/enhancements/fy0664/2006296324-d.html
942 _cBK
_k006.3 HAN
_2ddc
999 _c4374
_d4374